[Event "CZE-chT2a 9596"]
[Site "CZE"]
[Date "1996.??.??"]
[Round "?"]
[White "Bretsnajdr, Vladimir"]
[Black "Pacovsky, Jiri"]
[Result "1/2-1/2"]
[WhiteElo "2310"]
[BlackElo "2285"]

1.d4 d5 2.c4 c6 3.Nf3 Nf6 4.Nc3 dxc4 5.a4 Bf5 6.Ne5 Nbd7 7.Nxc4 Qc7 8.g3 e5
9.dxe5 Nxe5 10.Bf4 Rd8 11.Qc1 Bd6 12.Nxd6+ Qxd6 13.Bg2 O-O 14.a5 a6 15.O-O Nfd7
16.Rd1 Qe6 17.Ne4 Bxe4 18.Bxe4 Ng6 19.Bxg6 hxg6 20.Rd6 Qe7 21.Qd2 Nf6 22.Rd1 Nd5
23.Rxd8 Rxd8 24.h4 Re8 25.Re1 Qc5 26.e4 Nxf4 27.gxf4 Qe7 28.Kg2 Rd8 29.Qe3 Qxh4
30.f3 Qf6 31.Re2 Qd4 32.Qb3 Qd3 33.Re3 Qd2+ 34.Kg3 Qc1 35.Rd3 Qg1+ 36.Kh4 Qe1+
37.Kg4 Rxd3 38.Qxd3 Qxa5 39.b4 Qc7 40.Kg3 a5 41.bxa5 Qxa5 42.Qd7 Qb6 43.Qc8+ Kh7
44.Qh3+  1/2-1/2

[Event "Decin op"]
[Site "Decin"]
[Date "1996.??.??"]
[Round "1"]
[White "Capek, Ivan"]
[Black "Hasangatin, Ramil"]
[Result "0-1"]
[WhiteElo "2145"]
[BlackElo "2380"]

1.Nf3 d5 2.d4 Nf6 3.c4 c6 4.Nc3 dxc4 5.a4 Bf5 6.e3 e6 7.Bxc4 Bb4 8.O-O Nbd7
9.Qe2 Bg6 10.Rd1 O-O 11.Na2 Bd6 12.b4 Qe7 13.Bb2 Nb6 14.Bb3 Rfc8 15.a5 Nbd5
16.a6 Nxb4 17.Nxb4 Bxb4 18.Ne5 bxa6 19.Rxa6 Be4 20.Rda1 c5 21.dxc5 Bxc5 22.Nxf7 Kxf7
23.Bxe6+ Qxe6 24.Rxe6 Kxe6 25.Bxf6 Kxf6 26.Qg4 Bf5 27.Qh4+ g5 28.Qh6+ Bg6
29.h4 gxh4 30.Qxh4+ Kg7 31.Qf4 h5 32.Rd1 Re8 33.Rd7+ Be7 34.Qe5+ Kf8 35.Qf4+ Bf7
36.e4 Rad8 37.Qh6+ Kg8 38.Rxd8 Bxd8 39.f3 Re6 40.Qd2 Bb6+ 41.Kh2 Bc7+ 42.Kg1 Rd6
43.Qg5+ Rg6 44.Qc1 Bb6+ 45.Kh2 a5 46.Qc8+ Kg7 47.Qd7 Bf2 48.g4 hxg4 49.fxg4 Bc5
50.Kg3 Bd6+ 51.Kf3 Rf6+ 52.Ke2 Re6 53.Kf3 Be5 54.Ke2 Bf6 55.Kf3 Re5 56.Qb7 Kg6
57.Qa6 Bb3 58.Qc8 a4 59.Qb8 Bf7 60.Qb4 Be8 61.Qf8 Bg7 62.Qd6+ Kh7 63.Qa6 Re7
64.Qd6 Bf8 65.Qh2+ Kg8 66.Qa2+ Rf7+ 67.Ke3 Bc5+ 68.Kd3 Kf8 69.Qc4 Be7 70.e5 a3
71.Qa6 Rh7 72.Qa8 Rh6 73.Kd4 Rg6 74.Qf3+ Bf7 75.Qa8+ Kg7 76.g5 a2 77.Qa7 Rxg5
78.e6 a1=Q+  0-1

[Event "Decin op"]
[Site "Decin"]
[Date "1996.??.??"]
[Round "5"]
[White "Sergienko, Sergey"]
[Black "Hasangatin, Ramil"]
[Result "0-1"]
[WhiteElo "2425"]
[BlackElo "2380"]

1.d4 d5 2.c4 c6 3.Nf3 Nf6 4.Nc3 dxc4 5.a4 Bf5 6.e3 e6 7.Bxc4 Bb4 8.O-O Nbd7
9.Qe2 Bg6 10.h3 O-O 11.Nh4 Bf5 12.g4 Ne4 13.Nxe4 Qxh4 14.Ng3 Bg6 15.Kg2 Qe7
16.f4 f6 17.e4 Kh8 18.a5 b5 19.axb6 Nxb6 20.f5 Bf7 21.Bxe6 Bxe6 22.fxe6 Qxe6
23.Bf4 Rfe8 24.Qc2 a5 25.Rae1 Rac8 26.Qd3 Nd7 27.Qa6 Nf8 28.Qc4 Qd7 29.g5 fxg5
30.Bxg5 Ne6 31.Be3 Bd6 32.Nf5 Bb8 33.Rf3 Nf8 34.e5 c5 35.dxc5 Bxe5 36.Bd4 Ng6
37.c6 Qd8 38.Ref1 Bxd4 39.Qxd4 Qxd4 40.Nxd4 Nh4+ 41.Kg3 Nxf3 42.Rxf3 Red8
43.Rf4 h6 44.Kf3 Kh7 45.Ke4 Rxd4+ 46.Kxd4 Rxc6 47.Rf5 Rb6 48.Rxa5 Rxb2 49.Ra3 Re2
50.Ra6 Rh2 51.Ra3 g5 52.Ke5 Kg6 53.Re3 Kh5 54.Kf6 Kh4 55.Kg6 Rxh3 56.Re4+ g4
57.Kxh6 Ra3 58.Kg6 Ra5  0-1

[Event "DEN-chT 9697"]
[Site "?"]
[Date "1996.??.??"]
[Round "1"]
[White "Schandorff, Lars"]
[Black "Jelling, Erik"]
[Result "1-0"]
[WhiteElo "2495"]
[BlackElo "2415"]

1.d4 d5 2.c4 c6 3.Nf3 Nf6 4.Nc3 dxc4 5.a4 Bf5 6.Ne5 e6 7.f3 Bb4 8.e4 Bxe4
9.fxe4 Nxe4 10.Bd2 Qxd4 11.Nxe4 Qxe4+ 12.Qe2 Bxd2+ 13.Kxd2 Qd5+ 14.Kc2 Na6
15.Nxc4 O-O-O 16.Qe3 c5 17.Kb3 Nb4 18.Rc1 Nc6 19.Ka3 Kb8 20.Qg3+ e5 21.Qxg7 f5
22.Qg3 Rhg8 23.Qc3 Nd4 24.Na5 Rg6 25.Nb3 b6 26.Nxd4 exd4 27.Qb3 d3 28.Qxd5 Rxd5
29.Kb3 Rg4 30.Rd1 c4+ 31.Kc3 b5 32.b3 cxb3 33.axb5 Rxb5 34.Bxd3 Rc5+ 35.Kxb3 Rxg2
36.Rdf1 Rg5 37.Rf3 Rg6 38.Kb4 Re5 39.Rxf5 Rg4+ 40.Kc3 Rxf5 41.Bxf5 Rh4 42.h3 Kc7
43.Kd3 Kd6 44.Ke3 Ke5 45.Bg4 Rh6 46.Ra1 Rb6 47.Rxa7 h6 48.Rh7 Rb3+ 49.Kf2 Kf4
50.Rxh6 Kg5 51.Ra6 Rc3 52.Bf3 Kf4 53.Ra4+ Kg5 54.Kg3 Rd3 55.Ra6 Rb3 56.h4+ Kf5
57.h5 Kg5 58.h6 Rb8 59.h7 Rh8 60.Be4  1-0

[Event "DEN-chT 9697"]
[Site "?"]
[Date "1996.??.??"]
[Round "1"]
[White "Bekker Jensen, Simon"]
[Black "Bang, Andreas"]
[Result "1/2-1/2"]
[WhiteElo "2200"]
[BlackElo "2280"]

1.d4 d5 2.c4 c6 3.Nc3 Nf6 4.Nf3 dxc4 5.a4 Bf5 6.e3 e6 7.Bxc4 Bb4 8.O-O O-O
9.Qe2 Bg6 10.Ne5 Nbd7 11.Nd3 Bxd3 12.Bxd3 e5 13.dxe5 Nxe5 14.Bc2 Bxc3 15.bxc3 Re8
16.e4 Qa5 17.f4 Ng6 18.Qc4 Rad8 19.Be3 Nd5 20.Bd2 Nb6 21.Qe2 Qc5+ 22.Qf2 Qxf2+
23.Rxf2 Nc4 24.Bc1 Rd7 25.a5 b5 26.axb6 axb6 27.Ra4 b5 28.Ra6 Ne7 29.Ba3 Nxa3  1/2-1/2

[Event "Nord Cup 2nd"]
[Site "Duesseldorf"]
[Date "1996.??.??"]
[Round "4"]
[White "Wicht, Juergen"]
[Black "Kharitonov, Alexander"]
[Result "1/2-1/2"]
[WhiteElo "2070"]
[BlackElo "1695"]

1.d4 d5 2.c4 c6 3.Nc3 Nf6 4.Nf3 dxc4 5.a4 Bf5 6.e3 e6 7.Bxc4 Bb4 8.O-O O-O
9.Qe2 Ne4 10.Nxe4 Bxe4 11.Ne5 Nd7 12.Nxd7 Qxd7 13.f3 Bd5 14.Bd3 c5 15.dxc5 Rac8
16.Bb5 Bc6 17.Rd1 Bxb5 18.axb5 Qe7 19.Rxa7 Qxc5 20.Ra1 Rfd8  1/2-1/2

[Event "RUS-ch"]
[Site "Elista"]
[Date "1996.??.??"]
[Round "1"]
[White "Landa, Konstantin"]
[Black "Namgilov, Sogto"]
[Result "0-1"]
[WhiteElo "2560"]
[BlackElo "2425"]

1.Nf3 d5 2.d4 Nf6 3.c4 c6 4.Nc3 dxc4 5.a4 Bf5 6.Ne5 e6 7.f3 Bb4 8.e4 Bxe4
9.fxe4 Nxe4 10.Bd2 Qxd4 11.Nxe4 Qxe4+ 12.Qe2 Bxd2+ 13.Kxd2 Qd5+ 14.Kc2 Na6
15.Nxc4 O-O-O 16.Qe5 f6 17.Qxd5 cxd5 18.Na5 Nc7 19.b4 e5 20.g3 f5 21.h4 h5
22.Rh2 Ne6 23.Rd1 e4 24.Nb3 d4 25.Bc4 d3+ 26.Kd2 Rhe8 27.Ke3 Kb8 28.a5 Nc7
29.a6 b5 30.Bf7 Re7 31.Bxh5 Nd5+ 32.Kd2 Nxb4 33.Kc3 Nxa6 34.Bg6 Re5 35.Rf1 e3
36.Ra2 d2 37.Bh5 e2 38.Bxe2 Re3+ 39.Kc2 Nb4+  0-1

[Event "Eikrem mem"]
[Site "Gausdal"]
[Date "1996.??.??"]
[Round "7"]
[White "Gretarsson, Helgi Ass"]
[Black "Johansen, T."]
[Result "1/2-1/2"]
[WhiteElo "2465"]
[BlackElo "2375"]

1.d4 d5 2.Nf3 Nf6 3.c4 c6 4.Nc3 dxc4 5.a4 Bf5 6.Ne5 Na6 7.f3 Nd7 8.Nxc4 e5
9.e4 exd4 10.Ne2 Bb4+ 11.Bd2 Be6  1/2-1/2

[Event "Oberliga Nord O9596"]
[Site "Germany"]
[Date "1996.??.??"]
[Round "?"]
[White "Thal, Olaf"]
[Black "Hetey, Laszlo"]
[Result "1-0"]
[WhiteElo "2320"]
[BlackElo "2290"]

1.d4 d5 2.c4 c6 3.Nc3 Nf6 4.Nf3 dxc4 5.a4 Bf5 6.e3 e6 7.Bxc4 Bb4 8.O-O O-O
9.Nh4 Nbd7 10.f3 Nb6 11.Bb3 a5 12.e4 Bg6 13.Nxg6 hxg6 14.Na2 Be7 15.Be3 Rc8
16.Rc1 Nbd7 17.Nc3 Qb6 18.Bf2 Rfd8 19.Qc2 c5 20.d5 exd5 21.Bxd5 Bd6 22.Rcd1 Nxd5
23.Nxd5 Qc6 24.Bh4 Re8 25.Qd2 Qxa4 26.Nc3 Qd4+ 27.Bf2 Qxd2 28.Rxd2 Rc6 29.Rfd1 Re6
30.Nb5 Be5 31.Rxd7 Rb6 32.Nc3 Rxb2 33.Na4 Bxh2+ 34.Kxh2 Rxf2 35.Rd8+  1-0

[Event "BL2-W9596"]
[Site "Germany"]
[Date "1996.??.??"]
[Round "?"]
[White "Haba, Petr"]
[Black "Cuijpers, Frans Andre"]
[Result "1/2-1/2"]
[WhiteElo "2455"]
[BlackElo "2435"]

1.d4 d5 2.c4 c6 3.Nf3 Nf6 4.Nc3 dxc4 5.a4 Bf5 6.Ne5 e6 7.f3 Bb4 8.Bg5 h6
9.Bh4 c5 10.dxc5 Qd5 11.Qxd5 exd5 12.O-O-O Nc6 13.Nxd5 Nxd5 14.Rxd5 Be6 15.Nxc6 bxc6
16.Re5 c3 17.e3 Rb8 18.Bg3 O-O 19.Rxe6 cxb2+ 20.Kxb2 fxe6 21.Bxb8 Rxb8 22.Bc4 Kf7
23.Kc2 Bxc5 24.Rd1 Ke7 25.Rd3 a5 26.Bb3 Bb4 27.Rd4 e5 28.Rc4 Rd8 29.Rxc6 Rd2+
30.Kb1 Rxg2 31.Re6+ Kd7 32.Rxe5 Rxh2 33.Bf7 g5 34.f4 Bd6 35.Be6+ Ke7 36.Re4 Kf6
37.fxg5+ Kxg5 38.Rd4 Be5 39.Rd5 Kf6 40.Bd7 Bc3 41.Be8 Re2 42.Rh5 Kg7 43.Rh3 Bf6
44.Kc1 Bg5 45.Kd1 Rb2  1/2-1/2

[Event "BL2-W9596"]
[Site "Germany"]
[Date "1996.??.??"]
[Round "?"]
[White "Molinaroli, Martin"]
[Black "Gawehns, Klaus"]
[Result "1/2-1/2"]
[WhiteElo "2285"]
[BlackElo "2390"]

1.d4 d5 2.c4 c6 3.Nf3 Nf6 4.Nc3 dxc4 5.a4 Bf5 6.e3 e6 7.Bxc4 Bb4 8.O-O O-O
9.Qe2 Nbd7 10.Rd1 Ne4 11.Nxe4 Bxe4 12.Bd3 Bxd3 13.Qxd3 Qa5 14.Bd2 Bxd2 15.Rxd2 Rfd8
16.Qc2 Nb6 17.b3 Rac8 18.Rc1 Nd5 19.h3 h6 20.Rdd1 b6 21.Ne5 c5 22.Nd3 Nb4
23.Qd2 Nxd3 24.Qxa5 bxa5 25.Rxd3 cxd4 26.Rxc8 Rxc8 27.Rxd4 Rc1+ 28.Kh2 Rb1
29.Rd8+ Kh7 30.Ra8 Rxb3 31.Rxa7 Ra3 32.Rxa5 Kg6 33.Kg3 f5 34.Kf3 Ra2 35.g4 Kf6
36.gxf5 exf5 37.Ra6+ Ke5 38.h4 g5 39.Rxh6 g4+ 40.Kg3 Rxa4 41.Rh8 Kf6 42.Rf8+ Kg6
43.Rd8 Ra1 44.Rd6+ Kf7 45.h5 Rh1 46.h6 Rh3+ 47.Kf4 Rf3+ 48.Kg5 g3 49.fxg3 Rxg3+
50.Kf4 Rh3 51.Rb6 Rh5 52.Ra6 Rh3 53.Rd6 Ke7 54.Rc6 Kf7 55.Rb6 Rh5 56.Ke5 Rh3
57.Kd4 Rh4+ 58.Kd3 Rh3 59.Ke2 Rh2+ 60.Kf1 Rh3 61.Kf2 Rh4 62.Kg3 Rh1 63.Rc6 Rh5
64.Kf4 Rh3 65.h7 Kg7 66.Rc5 Rh4+ 67.Kg5 Re4 68.Rc3 Re8 69.Kxf5 Kxh7 70.Kf6 Kg8
71.Kf5 Kf8 72.e4 Ke7 73.Rc7+ Kd6 74.Rf7 Re5+ 75.Kf4 Ra5 76.Rf6+ Ke7 77.Rb6  1/2-1/2

[Event "Landesliga Sued 9697 Bayern"]
[Site "Germany"]
[Date "1996.??.??"]
[Round "?"]
[White "Ruether, Rudolf"]
[Black "Strangmueller, Andreas"]
[Result "0-1"]
[WhiteElo "2105"]
[BlackElo "1895"]

1.d4 d5 2.Nf3 Nf6 3.c4 c6 4.Nc3 dxc4 5.a4 Bf5 6.e3 e6 7.Bxc4 Bb4 8.O-O Nbd7
9.Qe2 Bg6 10.Rd1 Qc7 11.Bd2 O-O 12.Rac1 Qa5 13.e4 Rfe8 14.h3 Rac8 15.Nh4 Nb6
16.Bb3 Bxe4 17.Nxe4 Nxe4 18.Qxe4 Bxd2 19.Rc5 Qb4 20.Qd3 Bf4 21.g3 Bd6 22.Rh5 g6
23.Bc2 e5 24.dxe5 Bxe5 25.Nxg6 hxg6 26.Bb3 Nd5 27.Rg5 Bg7 28.h4 Re1+ 29.Rxe1 Qxe1+
30.Kg2 Re8 31.Rg4 Re5 32.a5 Qe2 33.Qf3 Ne3+ 34.Kh3 Qxf3 35.Rf4 Qg2+  0-1

[Event "BL9697 (Women)"]
[Site "Germany"]
[Date "1996.??.??"]
[Round "?"]
[White "Litinskaya, Marta I"]
[Black "Olbrich, Marina"]
[Result "0-1"]
[WhiteElo "2355"]
[BlackElo "2285"]

1.d4 d5 2.c4 c6 3.Nf3 Nf6 4.Nc3 dxc4 5.a4 Bf5 6.e3 e6 7.Bxc4 Bb4 8.O-O O-O
9.Nh4 Nbd7 10.f3 Qb6 11.Na2 Be7 12.e4 Bg6 13.Nxg6 hxg6 14.b4 Bxb4 15.Rb1 a5
16.Kh1 e5 17.dxe5 Nxe5 18.Be2 Rfd8 19.Qb3 c5 20.f4 c4 21.Bxc4 Nxc4 22.Qxc4 Rd4
23.Qb3 Rxe4 24.Bd2 Re2 25.Nxb4 axb4 26.Qd3 Rae8 27.Bxb4 Ng4 28.Be1 Rxe1  0-1

[Event "SLO-ch"]
[Site "Grize"]
[Date "1996.??.??"]
[Round "?"]
[White "Podkriznik, Gregor"]
[Black "Crepan, Marjan"]
[Result "1-0"]
[WhiteElo "2220"]
[BlackElo "2340"]

1.d4 d5 2.c4 c6 3.Nf3 Nf6 4.Nc3 dxc4 5.a4 Bf5 6.e3 e6 7.Bxc4 Bb4 8.O-O Nbd7
9.Qb3 Qb6 10.e4 Bg6 11.Bxe6 fxe6 12.a5 Bxa5 13.Qxe6+ Kd8 14.e5 Re8 15.Qh3 Ng8
16.Bg5+ Ne7 17.d5 Bxc3 18.d6 Bb4 19.Rad1 Nc5 20.Bxe7+ Rxe7 21.Qh4 Kc8 22.dxe7 Kc7
23.Rd8 Rc8 24.Qd4 Kb8 25.Rd1 Nd3 26.Qxd3  1-0

[Event "Haifa"]
[Site "Haifa"]
[Date "1996.??.??"]
[Round "1"]
[White "Alterman, Boris"]
[Black "Huzman, Alexander"]
[Result "1/2-1/2"]
[WhiteElo "2585"]
[BlackElo "2570"]

1.d4 d5 2.c4 c6 3.Nf3 Nf6 4.Nc3 dxc4 5.a4 Bf5 6.Ne5 e6 7.f3 c5 8.e4 cxd4
9.exf5 Nc6 10.Nxc6 bxc6 11.fxe6 fxe6 12.Qe2 dxc3 13.Qxe6+ Qe7 14.Bxc4 Qxe6+
15.Bxe6 Bb4 16.O-O Ke7 17.Bc4 cxb2 18.Bxb2 Rhd8 19.Rab1 Rab8 20.Kh1 Rb6 21.g3 c5
22.Be5 Rd7 23.Rbd1 g6 24.Bb5 Rxd1 25.Rxd1 a6 26.Bc4 Nd7 27.Bg7 Rd6 28.Rxd6 Kxd6
29.Bxa6 Nb6 30.Bb5 Kd5 31.Kg2 c4 32.Kf1 c3 33.Ke2 c2 34.Bb2 Nc4 35.Bc1 Kd4
36.g4 Kc3 37.Bxc4 Kxc4 38.f4 Kb3 39.Kd3 Kxa4 40.Kxc2 Kb5 41.Kb3 Bd6 42.h3 Bc7
43.f5 gxf5 44.gxf5 Kc6  1/2-1/2

[Event "NLD-chT9697"]
[Site "Holland"]
[Date "1996.??.??"]
[Round "?"]
[White "Goormachtigh, Johan"]
[Black "Ernst, Sipke"]
[Result "1/2-1/2"]
[WhiteElo "2305"]
[BlackElo "2240"]

1.d4 d5 2.c4 dxc4 3.Nf3 Nf6 4.Nc3 c6 5.a4 Bf5 6.e3 e6 7.Bxc4 Bb4 8.O-O Nbd7
9.Qe2 O-O 10.e4 Bg4 11.Bf4 e5 12.Bxe5 Nxe5 13.dxe5 Nd7 14.h3 Bxf3 15.Qxf3 Nxe5
16.Qe2 Qd4 17.Ba2 Bxc3 18.bxc3 Qxc3 19.f4 Nd3 20.Rad1 Rad8 21.Kh1 Nb4 22.Bb1 Rxd1
23.Qxd1 a5 24.Qh5 Qc4 25.Rd1 b5 26.f5 Qc5 27.Qg4 Qe5 28.axb5 cxb5 29.Qe2 h6
30.Qd2 Qe7 31.Rf1 Rd8 32.f6 Qxf6 33.Qe2 Qe5 34.Rf5 Qa1 35.Rf1 Rb8 36.e5 Qd4
37.Qf3 Qd5 38.Qf5 Qc4 39.Qh7+ Kf8 40.Rd1  1/2-1/2

[Event "NLD-chT9697"]
[Site "Holland"]
[Date "1996.??.??"]
[Round "?"]
[White "Delemarre, Jop"]
[Black "Diepeveen, Vincent"]
[Result "1-0"]
[WhiteElo "2325"]
[BlackElo "2260"]

1.d4 d5 2.c4 c6 3.Nf3 Nf6 4.Nc3 dxc4 5.a4 Bf5 6.Ne5 e6 7.f3 Nbd7 8.e4 Bg6
9.Nxc4 Be7 10.Be2 O-O 11.O-O Nb6 12.Ne5 c5 13.Be3 cxd4 14.Bxd4 Nbd7 15.Nxg6 hxg6
16.e5 Nh7 17.Ne4 Nb8 18.Bc3 Nc6 19.Qxd8 Rfxd8 20.Rfd1 Rd5 21.Bc4 Rxd1+ 22.Rxd1 Nf8
23.f4 Rd8 24.Rxd8 Bxd8 25.Nd6 Bb6+ 26.Kf1 g5 27.f5 Nd8 28.g4 Be3 29.Bb5 exf5
30.gxf5 Bf4 31.Bc4 Nd7 32.Nxf7 Nxf7 33.e6 Bc7 34.exf7+ Kh7 35.Be6  1-0

[Event "NLD-chT9697"]
[Site "Holland"]
[Date "1996.??.??"]
[Round "?"]
[White "Lacrosse, Marc"]
[Black "Cuijpers, Frans Andre"]
[Result "1/2-1/2"]
[WhiteElo "2220"]
[BlackElo "2435"]

1.d4 d5 2.c4 c6 3.Nf3 Nf6 4.Nc3 dxc4 5.a4 Bf5 6.Ne5 e6 7.f3 Bb4 8.Nxc4 O-O
9.Bg5 h6 10.Bh4 c5 11.dxc5 Qxd1+ 12.Rxd1 Bc2 13.Rc1 Bxa4 14.Bxf6 gxf6 15.Ra1 Bb3
16.Nb6 Nc6 17.Nxa8 Rxa8 18.e3 Bxc5 19.Be2 Bxe3 20.Bd1 Bd5 21.Ke2 Bb6 22.Nxd5 exd5
23.Ba4 Nd4+ 24.Kd3 Ne6 25.g3 Nc5+ 26.Ke2 Rd8 27.Rhd1 d4 28.Bb5 Rd5 29.Ra3 f5
30.Bc4 Rd6 31.Re1 Kf8 32.Kd2 f4 33.gxf4 Rf6 34.b4 Na6 35.Bxa6 bxa6 36.Re4 Rf5
37.Rxa6 Rh5 38.Kd3 Rxh2 39.Re2 Rh1 40.Raa2 Rb1  1/2-1/2

[Event "NLD-chT9697"]
[Site "Holland"]
[Date "1996.??.??"]
[Round "?"]
[White "Pliester, Leon"]
[Black "Beulen, Marcel"]
[Result "1/2-1/2"]
[WhiteElo "2355"]
[BlackElo "2320"]

1.d4 d5 2.c4 c6 3.Nf3 Nf6 4.Nc3 dxc4 5.a4 Bf5 6.e3 e6 7.Bxc4 Bb4 8.O-O O-O
9.Qe2 Ne4 10.Nxe4 Bxe4 11.Ne5 c5 12.Rd1 Nc6 13.dxc5 Qg5 14.f4 Qe7 15.Bd3 Bxd3
16.Nxd3 Bxc5 17.Bd2 Rfd8 18.Bc3 Bb6 19.Kh1 Rd5 20.Nf2 Rxd1+ 21.Rxd1 Rd8 22.Rxd8+ Qxd8
23.Qg4 Qf8 24.Qe2 Qc5 25.Qg4 Qf8 26.Qe2 Qc5 27.Qg4  1/2-1/2

[Event "NLD-chT9697"]
[Site "Holland"]
[Date "1996.??.??"]
[Round "?"]
[White "Kohlweyer, Bernd"]
[Black "Houtman, Joop"]
[Result "1/2-1/2"]
[WhiteElo "2420"]
[BlackElo "2385"]

1.d4 d5 2.c4 c6 3.Nf3 Nf6 4.Nc3 dxc4 5.a4 Bf5 6.Ne5 Nbd7 7.Nxc4 Qc7 8.g3 e5
9.dxe5 Nxe5 10.Bf4 Nfd7 11.Bg2 f6 12.O-O Rd8 13.Qc1 Be6 14.Ne4 Be7 15.a5 a6
16.Qc3 O-O 17.Nxe5 Nxe5 18.b4 Kh8 19.Be3 Nc4 20.Bc5 Bd5 21.Bxe7 Qxe7 22.Nc5 Bxg2
23.Kxg2 Nd6 24.Qc2 Rfe8 25.e3 Ne4 26.Rfd1 Nxc5 27.Qxc5 Qe4+ 28.Kg1 h6 29.Rd6 Rxd6
30.Qxd6 Qe5 31.Qd1 Qe7 32.Qg4 Rd8 33.Rc1 Qd6 34.Rc4 Qd2 35.Kg2 Qd5+ 36.Qe4 Kg8
37.g4 Kf7 38.h4 Rd7 39.h5 Qxe4+ 40.Rxe4 Rd5 41.Kg3  1/2-1/2

[Event "NLD-chT9697"]
[Site "Holland"]
[Date "1996.??.??"]
[Round "?"]
[White "Van Esch, Sebastian"]
[Black "Hoogendoorn, Joost"]
[Result "0-1"]
[WhiteElo "2135"]
[BlackElo "2335"]

1.Nf3 Nf6 2.c4 c6 3.Nc3 d5 4.d4 dxc4 5.a4 Bf5 6.e3 e6 7.Bxc4 Nbd7 8.a5 Bd6
9.Qb3 b5 10.axb6 axb6 11.Rxa8 Qxa8 12.O-O b5 13.Be2 b4 14.Na4 Be4 15.Nd2 Bd5
16.Bc4 O-O 17.Qc2 Rc8 18.b3 c5 19.Bxd5 Nxd5 20.Nc4 cxd4 21.Qd3 dxe3 22.fxe3 Ne5
23.Qd4 Nxc4 24.bxc4 Qxa4 25.Bb2 Bf8 26.cxd5 exd5 27.Qxd5 Qe8 28.Rf3 Rd8 29.Qb3 Qe6
30.Qc2 Qg6 31.e4 Re8 32.Rf5 Qb6+ 33.Kf1 Re6 34.Qc4 Qd6 35.Qe2 Qxh2  0-1

[Event "HUN-chT1 9596"]
[Site "HUN"]
[Date "1996.??.??"]
[Round "10"]
[White "Sinkovics, Peter"]
[Black "Gemesi, Andras"]
[Result "1-0"]
[WhiteElo "2410"]
[BlackElo "2195"]

1.d4 d5 2.c4 c6 3.Nf3 Nf6 4.Nc3 dxc4 5.a4 Bf5 6.Ne5 e6 7.f3 Bb4 8.Nxc4 O-O
9.Bg5 h6 10.Bh4 b5 11.Bxf6 Qxf6 12.axb5 cxb5 13.Nb6 Nc6 14.Nxa8 Nxd4 15.e4 Bxe4
16.fxe4 Qh4+ 17.g3 Qxe4+ 18.Kf2 Qxh1 19.Qxd4 Bxc3 20.bxc3 Qxa8 21.Bxb5 Rd8
22.Rxa7 Qb8 23.Rd7  1-0

[Event "HUN-chT1 9596"]
[Site "HUN"]
[Date "1996.??.??"]
[Round "12"]
[White "Sinkovics, Peter"]
[Black "Gyurkovics, Miklos"]
[Result "1/2-1/2"]
[WhiteElo "2410"]
[BlackElo "2260"]

1.d4 d5 2.c4 c6 3.Nf3 Nf6 4.Nc3 dxc4 5.a4 Bf5 6.e3 e6 7.Bxc4 Bb4 8.O-O Nbd7
9.Nh4 O-O 10.f3 Bg6 11.Nxg6 hxg6 12.e4 e5 13.Be3 Qa5 14.dxe5 Nxe5 15.Be2 Rad8
16.Qc2 Bc5 17.Bxc5 Qxc5+ 18.Kh1 g5 19.Rad1 Ng6 20.g3 Qe3 21.Kg2 Rfe8 22.h3 Nh5
23.Rf2 Qc5 24.Bf1 Qe5 25.Ne2 Rxd1 26.Qxd1 Qxb2 27.Nd4 Qc3 28.Nf5 Nf6 29.Qb1 b6
30.Rc2 Qe5 31.Rxc6 Ne7 32.Nxe7+ Qxe7 33.Qc1 Qe5 34.g4 Nd7 35.Bc4 Qf4 36.Qxf4 gxf4
37.Rc7 Ne5 38.Bd5 a5 39.h4 Kf8 40.h5 Rb8 41.g5 b5 42.axb5 Rxb5 43.Rc8+ Ke7
44.h6 gxh6 45.gxh6 Rb2+ 46.Kh3 Rb6 47.Bc6 Rb1 48.Kg2 Rb2+  1/2-1/2

[Event "Jakarta m"]
[Site "Jakarta"]
[Date "1996.??.??"]
[Round "2"]
[White "Adianto, Utut"]
[Black "Short, Nigel D"]
[Result "0-1"]
[WhiteElo "2610"]
[BlackElo "2665"]

1.d4 d5 2.Nf3 Nf6 3.c4 c6 4.Nc3 dxc4 5.a4 Bf5 6.Ne5 Nbd7 7.Nxc4 Nb6 8.Ne5 a5
9.f3 Nfd7 10.Nxd7 Nxd7 11.e4 Bg6 12.Be3 e6 13.Be2 Bb4 14.O-O O-O 15.Qb3 Qc7
16.Rac1 Rfe8 17.Bc4 Rac8 18.Ne2 Bd6 19.g4 Bxh2+ 20.Kg2 Bd6 21.e5 Bf8 22.Ng3 Qb6
23.f4 Qxb3 24.Bxb3 f6 25.Bd2 fxe5 26.dxe5 Nc5 27.Rxc5 Bxc5 28.f5 Bf7 29.Ne4 b6
30.Ng5 Rcd8 31.Bc3 Rd5 32.Bxd5 cxd5 33.fxe6 Bg6 34.Rd1 h6 35.Nf3 Be4 36.Kg3 Rxe6
37.Nh4 g6 38.Nf3 Re8 39.Nd4 Rf8 40.Rd2 Rf1 41.Re2 Kf7 42.Nb3 Rf3+ 43.Kh2 Be3
44.Nd2 Bf4+ 45.Kg1 Rg3+ 46.Kf2 Bd3 47.e6+ Ke8 48.Re1 Rxg4 49.Kf3 h5 50.e7 d4  0-1

[Event "Jyvaskyla op2"]
[Site "Jyvaskyla"]
[Date "1996.??.??"]
[Round "2"]
[White "Veingold, Aleksandr"]
[Black "Fieandt, John"]
[Result "1/2-1/2"]
[WhiteElo "2425"]
[BlackElo "2220"]

1.d4 d5 2.Nf3 Nf6 3.c4 c6 4.Nc3 dxc4 5.a4 Bf5 6.Ne5 e6 7.f3 c5 8.e4 cxd4
9.exf5 Bb4 10.Bxc4 Nc6 11.Nxc6 bxc6 12.fxe6 fxe6 13.Qe2 dxc3 14.Qxe6+ Qe7
15.Qxe7+ Kxe7 16.Ke2 Rad8 17.bxc3 Bxc3 18.Ba3+ Kd7 19.Rad1+ Kc7 20.Bc5 a5
21.Rxd8 Rxd8 22.Rd1 Nd5 23.Bxd5 Rxd5 24.Rxd5 cxd5 25.Kd3 Be1 26.f4 g6 27.g4 Kc6
28.Be7 Kd7 29.Bf6 Ke6 30.Bc3 Bxc3 31.Kxc3 h5 32.h3 hxg4 33.hxg4 Ke7 34.Kd4 Kd6
35.f5 gxf5 36.gxf5 Ke7 37.Kxd5 Kf6 38.Ke4 Kf7 39.Ke5 Ke7 40.Kd5 Kf6 41.Kc6 Kxf5
42.Kb5 Ke6 43.Kxa5 Kd7 44.Kb6 Kc8 45.Ka7 Kc7 46.a5 Kc8 47.Kb6 Kb8 48.a6  1/2-1/2

[Event "IND-ch"]
[Site "Kasaragod"]
[Date "1996.??.??"]
[Round "7"]
[White "Babu, N Sudhakar"]
[Black "Chatterjee, Laltu"]
[Result "1-0"]
[WhiteElo "2445"]
[BlackElo "2240"]

1.d4 d5 2.c4 c6 3.Nf3 Nf6 4.Nc3 dxc4 5.a4 Bf5 6.Ne5 e6 7.f3 Bb4 8.e4 Bxe4
9.fxe4 Nxe4 10.Bd2 Qxd4 11.Nxe4 Qxe4+ 12.Qe2 Bxd2+ 13.Kxd2 Qd5+ 14.Kc3 Na6
15.Nxc4 O-O-O 16.Qe5 Nc5 17.Qxd5 cxd5 18.Ne5 Rhf8 19.Kb4 f6 20.Nc6 bxc6 21.Kxc5 Kc7
22.b4 e5 23.b5 d4 24.bxc6 Rd6 25.Bd3 f5 26.Rab1 Rxc6+ 27.Kd5 e4 28.Bb5 Rd8+
29.Ke5 Rc5+ 30.Kf4 g5+ 31.Kxg5 Rg8+ 32.Kf6 Rg6+ 33.Ke7 Rxg2 34.Rhc1 Rgc2
35.Rg1 d3 36.Ke6 Rxb5 37.Rg7+ Kc8 38.Rxb5 d2 39.Rg8+ Kc7 40.Rbb8  1-0

[Event "IND-ch"]
[Site "Kasaragod"]
[Date "1996.??.??"]
[Round "10"]
[White "Ravi, Lanka"]
[Black "Ramesh, RB."]
[Result "1/2-1/2"]
[WhiteElo "2390"]
[BlackElo "2415"]

1.d4 d5 2.c4 c6 3.Nf3 Nf6 4.Nc3 dxc4 5.a4 Bf5 6.Ne5 e6 7.f3 Bb4 8.Bg5 h6
9.Bh4 c5 10.dxc5 Qa5 11.Qd4 Nc6 12.Nxc6 bxc6 13.e4 Bxc5 14.Qxc4 Bg6 15.Qa6 Qxa6
16.Bxa6 O-O 17.O-O-O Be3+ 18.Kb1 Nd5 19.Rd3 Nb4 20.Rxe3 Nxa6 21.Be7 Rfe8
22.Bd6 e5 23.Kc2 f6 24.b4 Rac8 25.Rd1 Bf7 26.Re2 Be6 27.Red2 Red8 28.Nb1 Rd7
29.Kc3 Kf7 30.Na3 Rcd8 31.h4 h5 32.Nc2 Ba2 33.Ne3 Ke6 34.Rxa2 Rxd6 35.Rxd6+ Rxd6
36.Nf5 Rd7 37.b5 g6 38.Ne3 Nc5 39.Nc4 cxb5 40.axb5 Rc7 41.Rd2 Rd7 42.Re2 Rc7
43.Re3 Rd7 44.Re1 Na4+ 45.Kb4 Nb6 46.Na5 Rd4+ 47.Kb3 Rd3+ 48.Kb4 Rd4+ 49.Kb3 Rd3+
50.Kb4  1/2-1/2

[Event "SLO-ch U18"]
[Site "Kranj"]
[Date "1996.??.??"]
[Round "3"]
[White "Starcic, Tadej"]
[Black "Podkriznik, Gregor"]
[Result "0-1"]
[WhiteElo "1895"]
[BlackElo "2210"]

1.d4 Nf6 2.c4 c6 3.Nc3 d5 4.Nf3 dxc4 5.a4 Bf5 6.e3 e6 7.Bxc4 Bb4 8.O-O Nbd7
9.Qe2 Bg4 10.h3 Bxf3 11.Qxf3 O-O 12.e4 Nb6 13.e5 Nxc4 14.Bg5 Be7 15.b3 Nb6
16.a5 Nbd5 17.exf6 Bxf6 18.Bxf6 Qxf6 19.Nxd5 exd5 20.Qc3 Qd6 21.Rfe1 Rfe8
22.Rxe8+ Rxe8 23.Re1 Rxe1+ 24.Qxe1 Kf8 25.b4 Qe7 26.Qd2 f6 27.f3 Kf7 28.Kf2 g5
29.g3 Qd6 30.Kg2 h5 31.f4 gxf4 32.gxf4 Qe6 33.Kg3 Qe4 34.Qc3 Kg6 35.Qd2 Kf5
36.h4 Qb1 37.Kg2 a6 38.Kh2 Qf1 39.Qc2+ Kxf4 40.Qd2+ Kg4 41.Qc2 f5 42.Qc5 Qf2+
43.Kh1 Kg3  0-1

[Event "SLO-ch U18"]
[Site "Kranj"]
[Date "1996.??.??"]
[Round "5"]
[White "Soln, Primoz"]
[Black "Podkriznik, Gregor"]
[Result "0-1"]
[WhiteElo "2340"]
[BlackElo "2210"]

1.d4 d5 2.c4 c6 3.Nc3 Nf6 4.Nf3 dxc4 5.a4 Bf5 6.e3 e6 7.Bxc4 Bb4 8.O-O Nbd7
9.Qb3 a5 10.Re1 O-O 11.Bd2 Bg4 12.Be2 Re8 13.Rad1 Qc7 14.h3 Bxf3 15.Bxf3 e5
16.Nb1 e4 17.Be2 Nd5 18.Nc3 N7b6 19.Rc1 Qd6 20.Rc2 Re7 21.Na2 Bxd2 22.Rxd2 Kh8
23.Nc3 f5 24.Red1 f4 25.Bg4 fxe3 26.fxe3 Rf8 27.Rf1 Rxf1+ 28.Kxf1 Qb4 29.Qc2 Nc4
30.Re2 Nf6 31.Na2 Nxg4 32.hxg4 Rf7+ 33.Kg1 Qf8 34.Rf2 Rxf2 35.Qxf2 Qxf2+
36.Kxf2 Nxb2 37.Nc3 Kg8 38.g5 Kf8 39.Kg3 Nd3 40.d5 cxd5 41.Nxd5 Nc5 42.Nb6 Ke7
43.Kf4 Ke6 44.g4 g6 45.Nc4 Kd5 46.Nb6+ Kc6 47.Nc4 b6 48.Ke5 Nxa4 49.Kxe4 Nc5+
50.Ke5 a4 51.Kd4 b5 52.Ne5+ Kb6 53.Kc3 a3  0-1

[Event "SLO-ch U18"]
[Site "Kranj"]
[Date "1996.??.??"]
[Round "8"]
[White "Starcic, Tadej"]
[Black "Napast, Viktor"]
[Result "1-0"]
[WhiteElo "1895"]
[BlackElo "1830"]

1.d4 d5 2.c4 c6 3.Nf3 Nf6 4.Nc3 dxc4 5.a4 Bf5 6.e3 e6 7.Bxc4 Bb4 8.O-O Nbd7
9.Qe2 Bg6 10.e4 Bxc3 11.bxc3 Nxe4 12.Ba3 Qc7 13.Rfc1 O-O-O 14.a5 Kb8 15.Qb2 Ka8
16.g3 e5 17.Bf1 f5 18.Bg2 Rhe8 19.Rab1 exd4 20.cxd4 Ndf6 21.Ne5 Nd5 22.a6 Re6
23.Qxb7+  1-0